000 00989cam a22003017a 4500
003 CHAP
005 20220329134334.0
008 971013s1954 mx r 00010 esp d
010 _a19004
011 _a19976
035 _a24063
040 _cCHAP
082 _a633.15
_bD53m
100 0 0 _aDíaz del Pino, Alfonso.
_933447
245 1 3 _aEl maíz :
_bcultivo, fertilización, cosecha
260 _aMéxico, D.F. :
_bTrucco,
_c1954
300 _a232 p.
_b: ilus.
590 _aBATCH-UPD
_b10
_c20130110
_lUCH01
_h2049
590 _aBATCH-UPD
_b10
_c20130410
_lUCH01
_h1402
590 _aBATCH-UPD
_b10
_c20130914
_lUCH01
_h1217
590 _aCONVERSION
_b10
_c20130109
_lUCH01
_h1312
650 1 4 _aMaíz
_zMéxico.
_971098
901 _aBK
942 _cLIBRO
949 _a633.15 D53m
_bBC
_cLIBRO
_d-55653
_eLIBRO
_fc.2
_h14553
_i24063
_si
949 _a633.15 D53m
_bBC
_cLIBRO
_d-55654
_eLIBRO
_fc.3
_h51717
_i24063
_mD. por Ing. Acosta
_si
949 _a633.15 D53m
_bBC
_cMUT
_d-55652
_eMUT
_h4536
_i24063
_si
999 _c19004
_d19004